इसे छोड़कर सामग्री पर बढ़ने के लिए
VuFind
भाषा
English
Deutsch
Español
Français
Italiano
日本語
Nederlands
Português
Português (Brasil)
中文(简体)
中文(繁體)
Türkçe
עברית
Gaeilge
Cymraeg
Ελληνικά
Català
Euskara
Русский
Čeština
Suomi
Svenska
polski
Dansk
slovenščina
اللغة العربية
বাংলা
Galego
Tiếng Việt
Hrvatski
हिंदी
सभी फ़ील्ड्स
शीर्षक
लेखक
विषय
बोधानक
आईएसबीएन / आईएसएसएन
टैग
खोज
उन्नत
खोज
Ordinances of Hong Kong, 1960
इसे उद्धृत करें
इसे ईमेल करें
प्रिंट
निर्यात रिकॉर्ड
को निर्यात RefWorks
को निर्यात EndNoteWeb
को निर्यात EndNote
permanent_link
लोड हो रहा है...
Ordinances of Hong Kong, 1960
होल्डिंग्स
विवरण
समान संसाधन
स्टाफ के लिए
LEADER
00249nam a22000857a 4500
003
OSt
245
|a
Ordinances of Hong Kong, 1960
942
|c
BJ
|6
_
999
|c
198294
|d
198294
952
|0
0
|1
0
|4
0
|6
_
|7
0
|8
BPER
|9
254159
|a
SLS
|b
SLS
|d
2011-02-07
|p
SLS002805
|r
2013-10-05
|t
1
|w
2013-10-05
|y
BJ
समान संसाधन
Regulations of Hong Kong, 1960
Hong Kong
द्वारा: Sheenan, Joseph Levy
प्रकाशित: (2007)
Hong Kong /
प्रकाशित: (1963)
Hong Kong /
द्वारा: Ingrams Harold
Hong Kong /
प्रकाशित: (1957)
लोड हो रहा है...